| 000 | 00517nam a2200193 a 4500 | ||
|---|---|---|---|
| 001 | 1772014605182 | ||
| 003 | YourLibrary | ||
| 005 | 20260225154810.0 | ||
| 008 | 260225s1996##################000#0#eng## | ||
| 020 | _a9780262731157 | ||
| 082 | 0 | 4 |
_a323.092 _bWIL |
| 100 | 1 |
_aWilliams, Clarence G., _eauthor. |
|
| 245 | 1 | 0 | _aReflections of the Dream : |
| 260 |
_bMIT Press (MA), _c1996. |
||
| 300 | _a344 pages | ||
| 650 | 0 | _aBiography & Autobiography. | |
| 942 | _cENGLISH | ||
| 040 |
_aYourLibrary _beng _cYourLibrary |
||
| 999 |
_c615856 _d615856 |
||